00451nam a2200097Ia 4500008004100000100002700041245015600068260003800224650003000262856006100292160909s9999 xx 000 0 und d aRocha, Michelle Dantas aWhere is the Survivor's Voice? An Examination of the Individual and Structural Challenges to the Reintegration of Immigrant Human Trafficking Survivors bUniversity of South Floridac2016 aHUMAN RESOURCE MANAGEMENT uhttp://pqdtopen.proquest.com/doc/1808267186.html?FMT=ABS